| 000 | 00690nam a2200253Ia 4500 | ||
|---|---|---|---|
| 005 | 20260429111937.0 | ||
| 008 | 260429s9999||||xx |||||||||||||| ||und|| | ||
| 020 | _a9789356511453 | ||
| 041 | _aEnglish | ||
| 082 |
_a174.9 _bVER |
||
| 100 | _aVerma, V. K. | ||
| 245 | 0 |
_aTextbook on research and publication ethics / _cV. K. Verma |
|
| 250 | _a1st ed. | ||
| 260 |
_aDelhi : _bJaya Publishing House, _c2022. |
||
| 300 | _avii, 191 p.; hb | ||
| 650 | _a Academic writing | ||
| 650 | _a Publication ethics | ||
| 650 | _a Scholarly communication | ||
| 650 | _aResearch ethics | ||
| 700 | _a Dheer, Vineet | ||
| 700 | _a Singh, Jayakar | ||
| 700 | _a Yadav, D. D. | ||
| 942 | _cTB | ||
| 999 |
_c51546 _d51546 |
||